The Chemical engineering guide to corrosion /

Guardado en:
Autor Corporativo: Chemical engineering.
Otros Autores: Greene, Richard, 1944-, (Editor , ed.)
Formato: Libro
Idioma:English
Publicado: New York, N.Y. : Chemical Engineering, McGraw-Hill, c1986.
Materias:
Etiquetas: Agregar Etiqueta
Sin Etiquetas, Sea el primero en etiquetar este registro!
LEADER 01067pam a22002535a 4500
001 EIQ.libpla001123
008 850819s1986####nyua#####b####001#0#eng#d
005 20061227182247.0
245 0 4 |a The Chemical engineering guide to corrosion /  |c edited by Richard W. Greene and the staff of Chemical engineering. 
260 |a New York, N.Y. :  |b Chemical Engineering, McGraw-Hill,  |c c1986. 
300 |a 330 p. :  |b il. ;  |c 29 cm. 
500 |a Título de cubierta: "The chemical engineering guide to corrosion control in the process industries". 
504 |a Incluye referencias bibliográficas e índice. 
020 |a 0076069273 
700 1 |a Greene, Richard,  |d 1944-,  |e ed.  |4 edt 
710 2 |a Chemical engineering. 
082 0 0 |a 660.2/83  |2 19 
650 4 |a Fábricas de productos químicos  |x Equipo y fuentes. 
650 4 |a Fábricas de productos químicos  |x Corrosión. 
650 4 |a Chemical plants  |x Equipment and supplies 
650 4 |a Chemical plants  |x Corrosion. 
010 |a  85019772  
040 |a DLC  |c DLC  |d AR-BbSID 
859 |a AR-BbSID  |b BIB. PLAPIQUI  |h 620.112 3  |i C 94  |p 3416